| 000 | 00509nam a2200169 i 4500 | ||
|---|---|---|---|
| 001 | 69989 | ||
| 003 | ES-MaACL | ||
| 005 | 20230906170701.0 | ||
| 007 | t| | ||
| 008 | 040714s1972 sp ||||1| spa d | ||
| 100 | 1 |
_aGarcía Martín, José Luis. _954900 |
|
| 245 | 1 | 0 |
_aMarineros perdidos en los puertos / _cJ.L. García Martín. |
| 260 |
_a[Burgos : _bs.n., _c1972] ( _fImp. Monte Carmelo) |
||
| 300 |
_a78 p. ; _c19 cm. |
||
| 500 | _aPremio Zahorí de poesía 1971. | ||
| 852 |
_aES-MaACL _jC-44853 _bR.82041 |
||
| 999 |
_c69989 _d69989 |
||